[Event "North American Open"]
[Site "Las Vegas, NV"]
[Date "2013.12.29"]
[Round "7.16"]
[White "Bryant, John"]
[Black "Yuan, Yuanling"]
[Result "1-0"]
[WhiteElo "2401"]
[BlackElo "2210"]
[PlyCount "119"]
[EventDate "2013.12.??"]
[EventType "swiss"]
[EventRounds "9"]
[EventCountry "USA"]
[Source "MonRoi"]

1. e4 c5 2. c3 d5 3. exd5 Qxd5 4. d4 Nc6 5. Nf3 Bg4 6. Be2 e6 7. h3 Bh5 8. c4
Qd7 9. g4 Bg6 10. d5 Nb4 11. Ne5 Bc2 12. Nxd7 Bxd1 13. Kxd1 Kxd7 14. a3 Na6 15.
dxe6+ fxe6 16. Nc3 Nb8 17. Kc2 Nc6 18. Be3 e5 19. Rad1+ Nd4+ 20. Kb1 Bd6 21.
Bf1 Ne7 22. Bg2 Nec6 23. h4 Raf8 24. h5 h6 25. Ne4 Be7 26. Rhf1 Na5 27. Rc1 Kc8
28. Ng3 Kb8 29. Bd5 Nac6 30. f4 Bh4 31. Ne4 Ne2 32. Rcd1 Nxf4 33. Bxc5 Rd8 34.
Nd6 Rd7 35. Nf5 Bf6 36. Bxc6 Rxd1+ 37. Rxd1 bxc6 38. Rd7 Ne6 39. Bxa7+ Kc8 40.
Rf7 Rd8 41. Be3 e4 42. Ne7+ Kd7 43. Nf5+ Ke8 44. Rb7 Rd7 45. Rb6 Nd4 46. Bxd4
Bxd4 47. Rxc6 e3 48. Re6+ Kf7 49. Re4 Bf6 50. Rxe3 Rd2 51. Rb3 Rg2 52. a4 Rxg4
53. a5 Be5 54. a6 Rxc4 55. a7 Rc8 56. Rb7+ Kf6 57. Ne7 Rd8 58. Nc6 Ra8 59. Nxe5
Kxe5 60. b4 1-0

[Event "North American Open"]
[Site "Las Vegas, NV"]
[Date "2013.12.29"]
[Round "7.18"]
[White "Ibarra, Luis"]
[Black "Adamson, Robby"]
[Result "1-0"]
[WhiteElo "2489"]
[BlackElo "2287"]
[PlyCount "65"]
[EventDate "2013.12.??"]
[EventType "swiss"]
[EventRounds "9"]
[EventCountry "USA"]
[Source "MonRoi"]

1. c4 e6 2. Nc3 Nf6 3. e4 d5 4. e5 d4 5. exf6 dxc3 6. bxc3 Qxf6 7. Nf3 e5 8. d4
Nc6 9. Nxe5 Nxe5 10. Qe2 Bf5 11. f4 O-O-O 12. fxe5 Qg6 13. Qe3 Re8 14. Be2 f6
15. O-O fxe5 16. dxe5 b6 17. Kh1 Bc5 18. Qf3 Rhf8 19. Bf4 Kb8 20. Rad1 Rd8 21.
Qg3 Rxd1 22. Rxd1 Qf7 23. Be3 Ba3 24. c5 Qxa2 25. Bf3 Bxc5 26. Bxc5 bxc5 27.
Qxg7 Re8 28. Qf6 Be6 29. Qf4 Qc4 30. Rb1+ Kc8 31. Qd2 Rd8 32. Bb7+ Kb8 33.
Qxd8+ 1-0

[Event "North American Open"]
[Site "Las Vegas, NV"]
[Date "2013.12.29"]
[Round "7.19"]
[White "Colas, Joshua"]
[Black "Zugic, Igor"]
[Result "0-1"]
[WhiteElo "2239"]
[BlackElo "2462"]
[PlyCount "160"]
[EventDate "2013.12.??"]
[EventType "swiss"]
[EventRounds "9"]
[EventCountry "USA"]
[Source "MonRoi"]

1. d4 Nf6 2. Nf3 g6 3. Bf4 Bg7 4. e3 O-O 5. Nbd2 d6 6. h3 Nbd7 7. Be2 b6 8. O-O
Bb7 9. c3 e6 10. Qc2 Qe7 11. Bh2 e5 12. a4 e4 13. Ne1 a5 14. b4 Rfc8 15. Qb2
axb4 16. cxb4 Bd5 17. b5 Ne8 18. Nc2 f5 19. Nb4 Be6 20. Rfc1 Ndf6 21. Rc2 Nd5
22. Nc6 Qf7 23. Bc4 Nef6 24. Nb4 Nxb4 25. Bxe6 Qxe6 26. Qxb4 Nd5 27. Qb3 Re8
28. Nb1 Ra7 29. Nc3 Nxc3 30. Qxe6+ Rxe6 31. Rxc3 Re7 32. Kf1 Kf7 33. Ke2 Ke6
34. Kd2 Kd5 35. Kc2 Rf7 36. Kb3 g5 37. Rac1 h5 38. R1c2 Bh6 39. f3 exf3 40.
gxf3 g4 41. hxg4 hxg4 42. fxg4 fxg4 43. Rg2 Rg7 44. Rf2 Ra8 45. Bf4 Rf7 46. e4+
Ke6 47. Bg3 Rxf2 48. Bxf2 Rf8 49. Bg3 Kd7 50. Kc4 Bf4 51. Kd5 Bxg3 52. Rxg3 Rg8
53. e5 Rg5 54. Ke4 dxe5 55. dxe5 Ke6 56. Kf4 Rg8 57. Ke4 Ra8 58. Ra3 g3 59. Kf3
Kxe5 60. Kxg3 Kd4 61. Kf3 Kc4 62. Ra1 Re8 63. Rb1 Kc5 64. Kf4 Ra8 65. Ra1 Kb4
66. Ke4 Rxa4 67. Rb1+ Kc5+ 68. Kd3 Rb4 69. Rc1+ Kd6 70. Rc6+ Kd7 71. Rh6 Rxb5
72. Rh7+ Kc8 73. Kc4 Rg5 74. Rf7 Kb7 75. Rh7 b5+ 76. Kb4 Kb6 77. Rh3 c5+ 78.
Kb3 Rg4 79. Rf3 Ka5 80. Rh3 c4+ 0-1

[Event "North American Open"]
[Site "Las Vegas, NV"]
[Date "2013.12.29"]
[Round "7.20"]
[White "Yankovsky, Roman"]
[Black "Eckert, Doug"]
[Result "1-0"]
[WhiteElo "2425"]
[BlackElo "2253"]
[PlyCount "61"]
[EventDate "2013.12.??"]
[EventType "swiss"]
[EventRounds "9"]
[EventCountry "USA"]
[Source "MonRoi"]

1. e4 c5 2. Nf3 d6 3. d4 cxd4 4. Nxd4 Nf6 5. Nc3 a6 6. h3 e6 7. g4 b5 8. Bg2
Bb7 9. O-O h6 10. Re1 Nbd7 11. a4 b4 12. Nd5 e5 13. Nf5 Bxd5 14. exd5 g6 15.
Nd4 Bg7 16. a5 Nh7 17. Nc6 Qh4 18. Ra4 O-O 19. Rxb4 Ng5 20. Qd3 Rae8 21. Qg3
Qxg3 22. fxg3 f5 23. h4 Ne4 24. gxf5 Nxg3 25. fxg6 e4 26. Re3 Nf5 27. Rexe4
Nxh4 28. Rxe8 Rxe8 29. Re4 Rxe4 30. Bxe4 Nf6 31. Bd3 1-0

[Event "North American Open"]
[Site "Las Vegas, NV"]
[Date "2013.12.29"]
[Round "7.24"]
[White "Wheeler, Cameron"]
[Black "Hasan, Mehdi"]
[Result "1/2-1/2"]
[WhiteElo "2202"]
[BlackElo "2285"]
[PlyCount "181"]
[EventDate "2013.12.??"]
[EventType "swiss"]
[EventRounds "9"]
[EventCountry "USA"]
[Source "MonRoi"]

1. Nf3 d5 2. c4 e6 3. g3 Nf6 4. Bg2 Be7 5. O-O O-O 6. d4 dxc4 7. Ne5 c5 8. dxc5
Bxc5 9. Nxc4 Nc6 10. Nc3 Qe7 11. Bg5 Rd8 12. Qc1 Bd7 13. Qf4 h6 14. Bxf6 Qxf6
15. Qxf6 gxf6 16. Ne4 Be7 17. Rfd1 Ne5 18. Nxe5 fxe5 19. Nd6 Bxd6 20. Rxd6 Bb5
21. Rad1 Rxd6 22. Rxd6 Rc8 23. Bxb7 Rc2 24. Ba6 Bc6 25. f3 Bd5 26. Rd8+ Kg7 27.
Rb8 Bxa2 28. Bd3 Rc1+ 29. Kf2 Bd5 30. e4 Ba2 31. Rb7 a5 32. Rb5 a4 33. Rxe5 Bb3
34. Ra5 Ra1 35. Ke3 Ra2 36. h4 Rxb2 37. g4 Rh2 38. Bb5 e5 39. Ra8 Ra2 40. Kd3
Bd1 41. Bc6 Bxf3 42. Rxa4 Rxa4 43. Bxa4 Bxg4 44. Kc4 Bc8 45. Kd5 f6 46. Bc6 Bg4
47. Kd6 Bh3 48. Ke7 Bc8 49. Kd6 Kf7 50. Kc7 Be6 51. Kd6 Bc4 52. Bd7 Be2 53.
Be6+ Kg7 54. Bf5 Bf3 55. Ke6 h5 56. Ke7 Bh1 57. Ke8 Bg2 58. Ke7 Bf3 59. Kd6 Kf7
60. Be6+ Ke8 61. Bd7+ Kf8 62. Bc6 Bg4 63. Bb5 Bc8 64. Bc6 Kf7 65. Kc7 Be6 66.
Kd6 Bc4 67. Bd7 Bb3 68. Bb5 Ba2 69. Ba4 Bb1 70. Bc6 Bd3 71. Bd5+ Kg6 72. Bc6
Bc4 73. Be8+ Bf7 74. Bd7 Kg7 75. Bc6 Bg8 76. Ke7 Bh7 77. Ke6 Bg6 78. Kd5 Kf7
79. Kd6 Bh7 80. Bd5+ Kf8 81. Bc6 Bg8 82. Bd7 Bf7 83. Bc6 Bb3 84. Bb5 Kf7 85.
Bd7 Bc4 86. Ba4 Bd3 87. Bc6 Kg6 88. Be8+ Kg7 89. Bc6 f5 90. Kxe5 fxe4 91. Bxe4
1/2-1/2

[Event "North American Open"]
[Site "Las Vegas, NV"]
[Date "2013.12.29"]
[Round "8.5"]
[White "Kacheishvili, Giorgi"]
[Black "Roiz, Michael"]
[Result "1-0"]
[WhiteElo "2578"]
[BlackElo "2614"]
[PlyCount "79"]
[EventDate "2013.12.??"]
[EventType "swiss"]
[EventRounds "9"]
[EventCountry "USA"]
[Source "MonRoi"]

1. d4 Nf6 2. c4 e6 3. Nc3 Bb4 4. e3 O-O 5. Bd3 d5 6. Nf3 c5 7. O-O Nc6 8. cxd5
exd5 9. dxc5 Bxc5 10. h3 Qe7 11. b3 Rd8 12. Ne2 Ne5 13. Nf4 Bd6 14. Bb2 Nxf3+
15. Qxf3 Be5 16. Rab1 Bxb2 17. Rxb2 Qe5 18. Rd2 Be6 19. Rfd1 Rac8 20. Ne2 Rd7
21. Qf4 Qxf4 22. exf4 Rdc7 23. f5 Bd7 24. g4 h6 25. f3 Kf8 26. Kf2 a6 27. Bb1
Bb5 28. Nf4 Rc1 29. h4 Rxd1 30. Rxd1 Bc6 31. Ke3 Rd8 32. Kd4 Ne8 33. Re1 Nc7
34. a4 Re8 35. Rxe8+ Kxe8 36. Kc5 Ke7 37. Ne2 Kd7 38. Nd4 a5 39. Kb6 Kd6 40. f6
1-0

[Event "North American Open"]
[Site "Las Vegas, NV"]
[Date "2013.12.29"]
[Round "8.6"]
[White "Shankland, Sam"]
[Black "Esserman, Marc"]
[Result "1-0"]
[WhiteElo "2602"]
[BlackElo "2447"]
[PlyCount "49"]
[EventDate "2013.12.??"]
[EventType "swiss"]
[EventRounds "9"]
[EventCountry "USA"]
[Source "MonRoi"]

1. e4 e5 2. Nf3 Nc6 3. Bb5 a6 4. Ba4 Nf6 5. O-O b5 6. Bb3 Bb7 7. Re1 Bc5 8. c3
d6 9. d4 Bb6 10. h3 h6 11. Be3 O-O 12. Nbd2 Re8 13. d5 Ne7 14. Bxb6 cxb6 15. a4
bxa4 16. Bxa4 b5 17. Bc2 Qb6 18. Bd3 Rec8 19. c4 b4 20. Qa4 a5 21. Nb3 Ng6 22.
Nfd2 Nh5 23. Nxa5 Rcb8 24. c5 dxc5 25. Qb5 1-0

[Event "North American Open"]
[Site "Las Vegas, NV"]
[Date "2013.12.29"]
[Round "8.9"]
[White "Young, Gregory"]
[Black "Yang, Darwin"]
[Result "0-1"]
[WhiteElo "2367"]
[BlackElo "2468"]
[PlyCount "102"]
[EventDate "2013.12.??"]
[EventType "swiss"]
[EventRounds "9"]
[EventCountry "USA"]
[Source "MonRoi"]

1. e4 e5 2. Nf3 Nc6 3. Bc4 Bc5 4. Nc3 Nf6 5. d3 d6 6. Bg5 h6 7. Bxf6 Qxf6 8.
Nd5 Qd8 9. c3 a6 10. O-O Ba7 11. b4 O-O 12. a3 Ne7 13. Ne3 c6 14. Bb3 Ng6 15.
d4 Qf6 16. Re1 Re8 17. dxe5 dxe5 18. Ra2 Bb6 19. Rd2 Bc7 20. Nc4 Be6 21. Na5 b6
22. Bxe6 Qxe6 23. Nb3 Rad8 24. Qc2 Nf4 25. Re3 Rxd2 26. Nfxd2 Rd8 27. g3 Qg4
28. Kh1 Nh3 29. f3 Qg5 30. Nf1 Rd1 31. Qe2 Rxf1+ 32. Qxf1 Qxe3 33. Qxh3 Qxf3+
34. Kg1 Qe3+ 35. Kf1 Qd3+ 36. Kg1 Qb1+ 37. Kf2 Qc2+ 38. Kg1 Bd6 39. Qd7 Bf8 40.
Nd2 Qxc3 41. Kg2 Qxa3 42. Nf3 Qa2+ 43. Kg1 Qb1+ 44. Kg2 Qxe4 45. Qd2 Bxb4 46.
Qd8+ Kh7 47. Qxb6 Qe2+ 48. Kg1 Qxf3 49. Qxb4 e4 50. Qb1 f5 51. Qe1 e3 0-1

[Event "North American Open"]
[Site "Las Vegas, NV"]
[Date "2013.12.29"]
[Round "8.11"]
[White "Goldenberg, Ryan"]
[Black "Gurevich, Dmitry"]
[Result "1/2-1/2"]
[WhiteElo "2303"]
[BlackElo "2499"]
[PlyCount "97"]
[EventDate "2013.12.??"]
[EventType "swiss"]
[EventRounds "9"]
[EventCountry "USA"]
[Source "MonRoi"]

1. e4 c5 2. Nf3 d6 3. d4 cxd4 4. Nxd4 Nf6 5. Nc3 Nc6 6. Bg5 e6 7. Qd2 Be7 8.
O-O-O O-O 9. h4 Nxd4 10. Qxd4 a6 11. f3 b5 12. Kb1 Bb7 13. g4 Qc7 14. a3 Rac8
15. Qd2 Rfd8 16. Bd3 d5 17. e5 Ne4 18. fxe4 dxe4 19. Rh3 exd3 20. Rxd3 Rxd3 21.
Qxd3 h6 22. Bxe7 Qxe7 23. g5 hxg5 24. hxg5 g6 25. Qe3 Rc4 26. Rd6 Rg4 27. Qd2
Rg2 28. Qd4 Qxg5 29. Rd8+ Kh7 30. Rd7 Qf5 31. Ka2 Bf3 32. Qh4+ Kg7 33. Rd8 Bh5
34. Qe7 Qxe5 35. Qf8+ Kf6 36. Rd7 Kg5 37. Rxf7 Kh4 38. Rf4+ Kh3 39. Re4 Qf5 40.
Qd6 Bf3 41. Re3 Rxc2 42. Ne4 Rg2 43. Nd2 Rg3 44. Nxf3 Rxf3 45. Rxe6 Qg4 46. Qd5
g5 47. Re5 Kh4 48. Rxg5 Rxa3+ 49. bxa3 1/2-1/2

[Event "North American Open"]
[Site "Las Vegas, NV"]
[Date "2013.12.29"]
[Round "8.12"]
[White "Ibarra, Luis"]
[Black "Del Campo, Roberto"]
[Result "1/2-1/2"]
[WhiteElo "2489"]
[BlackElo "2357"]
[PlyCount "85"]
[EventDate "2013.12.??"]
[EventType "swiss"]
[EventRounds "9"]
[EventCountry "USA"]
[Source "MonRoi"]

1. c4 g6 2. Nc3 Bg7 3. g3 Nf6 4. Bg2 O-O 5. e4 d6 6. Nge2 c5 7. O-O Nc6 8. d3
Ne8 9. Be3 Nd4 10. Qd2 Qa5 11. Bg5 f6 12. Be3 e5 13. f4 a6 14. fxe5 dxe5 15.
Nxd4 cxd4 16. Nd5 Qd8 17. Bh6 Be6 18. Bxg7 Kxg7 19. b4 Nd6 20. c5 Nc8 21. a4 b6
22. Rac1 bxc5 23. Rxc5 Ra7 24. Rfc1 Nd6 25. Nc7 Bf7 26. Rc6 Nc4 27. dxc4 Rxc7
28. Rxc7 Qxc7 29. c5 Bb3 30. Qd3 Bxa4 31. Qxa6 Qc6 32. Qc4 Rd8 33. Bf1 Qxe4 34.
c6 Qe3+ 35. Kh1 Bb5 36. Qc5 Bxf1 37. Rxf1 Qe4+ 38. Kg1 Qe3+ 39. Kg2 Ra8 40.
Qe7+ Kh6 41. Qxf6 Ra2+ 42. Kh3 Qe2 43. Qh4+ 1/2-1/2

[Event "North American Open"]
[Site "Las Vegas, NV"]
[Date "2013.12.29"]
[Round "8.14"]
[White "Preotu, Razvan"]
[Black "Yankovsky, Roman"]
[Result "1-0"]
[WhiteElo "2330"]
[BlackElo "2425"]
[PlyCount "117"]
[EventDate "2013.12.??"]
[EventType "swiss"]
[EventRounds "9"]
[EventCountry "USA"]
[Source "MonRoi"]

1. e4 c5 2. Nf3 d6 3. d4 cxd4 4. Nxd4 Nf6 5. Nc3 a6 6. Be3 e5 7. Nb3 Be7 8. f3
Be6 9. Qd2 Nbd7 10. O-O-O Rc8 11. g4 Nb6 12. g5 Nfd7 13. Kb1 Qc7 14. h4 Nc5 15.
h5 Nca4 16. Nxa4 Nxa4 17. Bh3 Qc4 18. Rdg1 Rd8 19. Qh2 Bxh3 20. Qxh3 d5 21.
exd5 Qxd5 22. Qg4 b5 23. g6 fxg6 24. hxg6 h6 25. Bxh6 Rxh6 26. Rxh6 gxh6 27.
Qf5 Bh4 28. g7 Ke7 29. g8=Q Rxg8 30. Qh7+ Kf8 31. Qxh6+ Kf7 32. Qh7+ Kf8 33.
Rxg8+ Qxg8 34. Qxh4 Qe6 35. Qe4 Ke7 36. Nc1 Nb6 37. Qb7+ Nd7 38. Nd3 Qd6 39.
Qe4 Kd8 40. Qb7 Ke7 41. a3 Kf6 42. Qe4 Kf7 43. Qf5+ Ke7 44. Qg5+ Ke8 45. Qg8+
Ke7 46. Qh7+ Kd8 47. Qe4 Kc7 48. Qa8 Qc6 49. Qa7+ Kd8 50. Nb4 Qxf3 51. Qxa6
Qf1+ 52. Ka2 Qc4+ 53. b3 Qc5 54. Qe6 Qf2 55. Qd5 Qe2 56. Kb2 e4 57. Nc6+ Kc8
58. Nd4 Qe1 59. Qa8+ 1-0

[Event "North American Open"]
[Site "Las Vegas, NV"]
[Date "2013.12.29"]
[Round "8.15"]
[White "Wang, Jue"]
[Black "Mulyar, Michael"]
[Result "0-1"]
[WhiteElo "2394"]
[BlackElo "2423"]
[PlyCount "124"]
[EventDate "2013.12.??"]
[EventType "swiss"]
[EventRounds "9"]
[EventCountry "USA"]
[Source "MonRoi"]

1. e4 e5 2. Nf3 Nc6 3. Bb5 a6 4. Ba4 Nf6 5. O-O b5 6. Bb3 Bc5 7. a4 Rb8 8. c3
d6 9. d4 Bb6 10. a5 Ba7 11. h3 O-O 12. Be3 Ra8 13. Nbd2 Bb7 14. Re1 h6 15. Bc2
Re8 16. d5 Ne7 17. c4 Bxe3 18. Rxe3 c5 19. b4 Nd7 20. Bd3 bxc4 21. Nxc4 Qc7 22.
Rc1 Ng6 23. Nfd2 Qb8 24. bxc5 Nxc5 25. Nb6 Ra7 26. Nb3 Nxd3 27. Rxd3 Bc8 28.
Rdc3 Bd7 29. Qc2 Nf4 30. Kh2 Qd8 31. g3 Ng6 32. Rc7 Rxc7 33. Qxc7 Qf6 34. Kg2
Bxh3+ 35. Kxh3 Qf3 36. Kh2 Qxf2+ 37. Kh1 Qf3+ 38. Kh2 Qxb3 39. Rf1 Re7 40. Qc4
Qb2+ 41. Kh3 Qa3 42. Qxa6 Nf4+ 43. Rxf4 exf4 44. Qc8+ Kh7 45. Qf5+ g6 46. Qxf4
Qa1 47. Qf3 Qd4 48. Nc8 Qxe4 49. Qxe4 Rxe4 50. Nxd6 Rd4 51. Ne8 Ra4 52. d6 Rxa5
53. d7 Ra8 54. Nd6 Rd8 55. Nxf7 Rxd7 56. Ne5 Rd5 57. Nf3 g5 58. Ne1 Kg6 59. Ng2
h5 60. Kh2 Rd2 61. Kh3 Re2 62. Kh2 Kf5 0-1

[Event "North American Open"]
[Site "Las Vegas, NV"]
[Date "2013.12.29"]
[Round "8.16"]
[White "Sapozhnikov, Roman"]
[Black "Wang, Kevin"]
[Result "1-0"]
[WhiteElo "2293"]
[BlackElo "2333"]
[PlyCount "37"]
[EventDate "2013.12.??"]
[EventType "swiss"]
[EventRounds "9"]
[EventCountry "USA"]
[Source "MonRoi"]

1. e4 c5 2. Nf3 e6 3. d4 cxd4 4. Nxd4 a6 5. Bd3 Nf6 6. O-O d6 7. c4 Qc7 8. Nc3
Be7 9. b3 Nbd7 10. f4 b5 11. Be3 bxc4 12. Bxc4 Nb6 13. Bd3 e5 14. Nf5 Bxf5 15.
exf5 Qxc3 16. Bxb6 Qb4 17. Be3 Nd5 18. Qf3 Nxe3 19. Qc6+ 1-0

[Event "North American Open"]
[Site "Las Vegas, NV"]
[Date "2013.12.29"]
[Round "8.18"]
[White "Yuan, Yuanling"]
[Black "Aaron, Deepak"]
[Result "1-0"]
[WhiteElo "2210"]
[BlackElo "2322"]
[PlyCount "125"]
[EventDate "2013.12.??"]
[EventType "swiss"]
[EventRounds "9"]
[EventCountry "USA"]
[Source "MonRoi"]

1. e4 e5 2. Nf3 Nc6 3. Bb5 a6 4. Ba4 Nf6 5. O-O b5 6. Bb3 Bc5 7. c3 d6 8. d4
Bb6 9. h3 Bb7 10. Re1 h6 11. Be3 O-O 12. Nbd2 exd4 13. cxd4 Nb4 14. Qb1 c5 15.
a3 Nc6 16. d5 Ne7 17. Nf1 Nd7 18. Bf4 c4 19. Bc2 Bc5 20. Ng3 f5 21. Nxf5 Nxf5
22. exf5 Nf6 23. Be3 Bxe3 24. fxe3 Qb6 25. Qd1 Bxd5 26. Qd4 Qxd4 27. Nxd4 Rfe8
28. Rad1 Re5 29. Kf2 Be4 30. g4 Rae8 31. Bxe4 Nxe4+ 32. Kg2 Nc5 33. Kf3 Nd3 34.
Re2 Rd5 35. Rdd2 Nc5 36. h4 Kf7 37. Nc6 Nd3 38. Nb4 Ne5+ 39. Kf4 Rxd2 40. Rxd2
a5 41. Nd5 Nd3+ 42. Kf3 b4 43. axb4 axb4 44. g5 Rc8 45. g6+ Kf8 46. Ke4 Rc5 47.
Rc2 c3 48. b3 Ne1 49. Rc1 c2 50. Nxb4 Re5+ 51. Kd4 Nf3+ 52. Kd3 Rxf5 53. Nxc2
Ne5+ 54. Ke4 Rh5 55. Rf1+ Ke8 56. Nd4 Rxh4+ 57. Kf5 Kd7 58. Ra1 Rh5+ 59. Ke4
Ke7 60. Nf5+ Kf6 61. Nxd6 Nxg6 62. Rf1+ Ke6 63. Nf5 1-0

[Event "North American Open"]
[Site "Las Vegas, NV"]
[Date "2013.12.29"]
[Round "8.20"]
[White "Adamson, Robby"]
[Black "Wheeler, Cameron"]
[Result "0-1"]
[WhiteElo "2287"]
[BlackElo "2202"]
[PlyCount "96"]
[EventDate "2013.12.??"]
[EventType "swiss"]
[EventRounds "9"]
[EventCountry "USA"]
[Source "MonRoi"]

1. e4 e6 2. d4 d5 3. Nc3 Nf6 4. Bg5 Be7 5. e5 Nfd7 6. Bxe7 Qxe7 7. f4 a6 8. Nf3
c5 9. Qd2 Nc6 10. dxc5 Nxc5 11. Bd3 O-O 12. O-O f6 13. exf6 Qxf6 14. g3 Bd7 15.
Rae1 Rae8 16. Ne5 Nxe5 17. Rxe5 Bc6 18. Nd1 Nd7 19. Ree1 Kh8 20. c3 Qd8 21. Be2
e5 22. fxe5 Rxe5 23. Bg4 Rxf1+ 24. Rxf1 Nf6 25. Bf3 Qe7 26. Qd4 Bb5 27. Rf2
Re1+ 28. Kg2 Ne4 29. Bxe4 Rxe4 30. Qd2 h6 31. h3 Re1 32. Rf8+ Kh7 33. Nf2 Re2
34. Qf4 Qe4+ 35. Kg1 Qxf4 36. Rxf4 Rxb2 37. a4 Bc6 38. h4 Rb1+ 39. Kh2 Ra1 40.
h5 Rxa4 41. Rf8 d4 42. c4 Rxc4 43. Nd3 Rc2+ 44. Kg1 Rg2+ 45. Kf1 Rxg3 46. Nf4
Rf3+ 47. Ke2 a5 48. Kd2 Be4 0-1

[Event "North American Open"]
[Site "Las Vegas, NV"]
[Date "2013.12.30"]
[Round "9.1"]
[White "Erenburg, Sergey"]
[Black "Shimanov, Alex"]
[Result "1/2-1/2"]
[WhiteElo "2625"]
[BlackElo "2650"]
[PlyCount "108"]
[EventDate "2013.12.??"]
[EventType "swiss"]
[EventRounds "9"]
[EventCountry "USA"]
[Source "MonRoi"]

1. e4 Nf6 2. e5 Nd5 3. d4 d6 4. Nf3 dxe5 5. Nxe5 c6 6. Be2 Bf5 7. O-O Nd7 8.
Nd3 e6 9. Nd2 Be7 10. Nf3 O-O 11. c4 N5f6 12. Qb3 Qc7 13. Rd1 Be4 14. Bf4 Bd6
15. Bxd6 Qxd6 16. Nde5 Qc7 17. Qe3 Bxf3 18. Nxf3 c5 19. Rd2 Rfe8 20. Rad1 e5
21. dxe5 Nxe5 22. Qf4 Nxf3+ 23. Qxf3 Re7 24. Bf1 Rae8 25. g3 h6 26. h4 Nd7 27.
Bg2 Nf6 28. Qf5 Re5 29. Qf3 Qe7 30. Bf1 b6 31. Bd3 g6 32. Bc2 Kg7 33. Ba4 Re1+
34. Kg2 Rxd1 35. Qxd1 Rc8 36. Qe2 Qc7 37. Qd3 Qb7+ 38. Qf3 Qb8 39. Qc3 Rd8 40.
Rxd8 Qxd8 41. Bc6 Qd6 42. Bf3 Qe6 43. a3 a5 44. Kf1 Kf8 45. Kg2 Ke7 46. b4 axb4
47. axb4 cxb4 48. Qxb4+ Qd6 49. Qb3 Qc5 50. Qd3 g5 51. hxg5 hxg5 52. Kf1 Kf8
53. Qd8+ Kg7 54. Qd3 Kf8 1/2-1/2

[Event "North American Open"]
[Site "Las Vegas, NV"]
[Date "2013.12.30"]
[Round "9.2"]
[White "Gareev, Timur"]
[Black "Kacheishvili, Giorgi"]
[Result "1/2-1/2"]
[WhiteElo "2650"]
[BlackElo "2578"]
[PlyCount "105"]
[EventDate "2013.12.??"]
[EventType "swiss"]
[EventRounds "9"]
[EventCountry "USA"]
[Source "MonRoi"]

1. d4 Nf6 2. c4 e6 3. Nf3 d5 4. Nc3 Bb4 5. Bg5 O-O 6. e3 h6 7. Bxf6 Qxf6 8. Rc1
dxc4 9. Bxc4 c5 10. O-O cxd4 11. Ne4 Qf5 12. Ng3 Qa5 13. exd4 Nc6 14. Qe2 Bd7
15. a3 Be7 16. Rfd1 Rfe8 17. d5 exd5 18. Bxd5 Rad8 19. Qc4 Rf8 20. Rd3 Bf6 21.
b4 Qb6 22. Ne4 Ne7 23. Nxf6+ Qxf6 24. Rcd1 Nxd5 25. Qxd5 Ba4 26. Qxd8 Rxd8 27.
Rxd8+ Kh7 28. R1d4 Bc6 29. h3 Bxf3 30. gxf3 Qxf3 31. Rd3 Qf5 32. R8d5 Qe6 33.
R5d4 f5 34. b5 Qe5 35. a4 f4 36. Kg2 g5 37. Rd2 Kg6 38. h4 Qe1 39. hxg5 hxg5
40. R2d3 Qe2 41. Rd6+ Kh5 42. Rh3+ Kg4 43. Rd4 Qe6 44. Re3 Qf5 45. Re1 Qc2 46.
Re3 Qc8 47. Kh2 Kh4 48. Rg3 Qf5 49. f3 Qc2+ 50. Rg2 Qb3 51. Rd7 Kh5 52. Rg7 Qd5
53. R7xg5+ 1/2-1/2

[Event "North American Open"]
[Site "Las Vegas, NV"]
[Date "2013.12.30"]
[Round "9.5"]
[White "Yang, Darwin"]
[Black "Lenderman, Alex"]
[Result "0-1"]
[WhiteElo "2468"]
[BlackElo "2549"]
[PlyCount "162"]
[EventDate "2013.12.??"]
[EventType "swiss"]
[EventRounds "9"]
[EventCountry "USA"]
[Source "MonRoi"]

1. c4 e5 2. Nc3 Nc6 3. g3 g6 4. Bg2 Bg7 5. e3 d6 6. Nge2 Nf6 7. O-O O-O 8. d3
Be6 9. Nd5 Qd7 10. Nec3 Bh3 11. Nxf6+ Bxf6 12. Nd5 Bd8 13. b4 Bxg2 14. Kxg2 f6
15. e4 Nd4 16. Be3 c6 17. Bxd4 exd4 18. Nf4 a5 19. a3 f5 20. exf5 Qxf5 21. Qe2
Bf6 22. Qe6+ Qxe6 23. Nxe6 Rf7 24. Nf4 Bg5 25. Ne2 Re7 26. Ng1 Bd2 27. bxa5
Rxa5 28. Rfb1 Bc3 29. Ra2 b5 30. cxb5 Rxb5 31. Rxb5 cxb5 32. Ne2 Ra7 33. Nc1
Kf7 34. Kf3 Ke6 35. Ke2 Kf5 36. Kf1 g5 37. h3 h5 38. Kg2 Ke5 39. Re2+ Kd5 40.
Ra2 Kc6 41. Kf3 Kd5 42. Kg2 Ra8 43. Kf3 Ke5 44. Re2+ Kf6 45. Ra2 Kf5 46. g4+
hxg4+ 47. hxg4+ Ke5 48. Kg3 Ra7 49. Re2+ Kd5 50. Ra2 Re7 51. Ne2 Ra7 52. Nc1
Ke5 53. Re2+ Kf6 54. Ra2 Ra8 55. Kg2 d5 56. Kg3 Kg6 57. Kg2 Ra7 58. Kg3 Rh7 59.
Kg2 Ra7 60. Kg3 Kg7 61. Kg2 Kf6 62. Kg3 Rh7 63. Kg2 Rh4 64. f3 Rh7 65. a4 bxa4
66. Rxa4 Rb7 67. Ra2 Rb1 68. Rc2 Ke5 69. Ne2 Bb4 70. f4+ gxf4 71. Rc6 Rd1 72.
Kf2 Be1+ 73. Kg2 f3+ 74. Kxf3 Rxd3+ 75. Kg2 Re3 76. Kf1 Bb4 77. Rc8 Rf3+ 78.
Kg2 Rf7 79. Re8+ Be7 80. g5 d3 81. Ng1 d2 0-1

[Event "North American Open"]
[Site "Las Vegas, NV"]
[Date "2013.12.30"]
[Round "9.7"]
[White "Sevillano, Enrico"]
[Black "Goldenberg, Ryan"]
[Result "1-0"]
[WhiteElo "2485"]
[BlackElo "2303"]
[PlyCount "83"]
[EventDate "2013.12.??"]
[EventType "swiss"]
[EventRounds "9"]
[EventCountry "USA"]
[Source "MonRoi"]

1. e4 e6 2. d4 d5 3. Nc3 Bb4 4. e5 Ne7 5. a3 Bxc3+ 6. bxc3 c5 7. Nf3 b6 8. Bb5+
Bd7 9. Bd3 Ba4 10. O-O Nbc6 11. Re1 h6 12. Be3 c4 13. Bf1 Kd7 14. g3 Qg8 15. h4
Qh7 16. Ra2 g5 17. h5 Kc7 18. Nh2 Rhf8 19. Ng4 Qg7 20. Bh3 Kb7 21. Kh2 Ng8 22.
Bc1 Rae8 23. f4 f5 24. exf6 Nxf6 25. Nxf6 Rxf6 26. Qg4 Qf7 27. fxg5 hxg5 28.
Bxg5 Rg8 29. Qh4 Rf2+ 30. Kg1 Qf3 31. Re3 Qf7 32. Ra1 Rxc2 33. Rf1 Qg7 34. Bf4
e5 35. h6 Qh7 36. Bxe5 Nxe5 37. dxe5 Rg6 38. Bf5 d4 39. cxd4 Qg8 40. h7 Bc6 41.
Bxc2 Qd5 42. Be4 1-0

[Event "North American Open"]
[Site "Las Vegas, NV"]
[Date "2013.12.30"]
[Round "9.8"]
[White "Ruiz, Joshua"]
[Black "Gerzhoy, Leonid"]
[Result "1-0"]
[WhiteElo "2391"]
[BlackElo "2481"]
[PlyCount "98"]
[EventDate "2013.12.??"]
[EventType "swiss"]
[EventRounds "9"]
[EventCountry "USA"]
[Source "MonRoi"]

1. e4 c6 2. d4 d5 3. Nc3 dxe4 4. Nxe4 Bf5 5. Ng3 Bg6 6. h4 h6 7. Nf3 e6 8. Ne5
Bh7 9. Bd3 Bxd3 10. Qxd3 Nd7 11. Bf4 Ngf6 12. O-O-O Nd5 13. Bd2 Nxe5 14. dxe5
Qc7 15. c4 Nb4 16. Qb3 a5 17. a3 Na6 18. Bc3 Nc5 19. Qc2 b5 20. Bd4 b4 21. a4
O-O-O 22. f4 Be7 23. Kb1 b3 24. Qc3 Qb6 25. Bxc5 Bxc5 26. Ne4 Kc7 27. Nxc5 Qxc5
28. Qxb3 Rb8 29. Qd3 Rhd8 30. Qc3 Qb4 31. Qc2 h5 32. Ka2 g6 33. g3 Qc5 34. Rhe1
Rd4 35. Rxd4 Qxd4 36. c5 Qd5+ 37. b3 Qf3 38. Rd1 Qxg3 39. Rd4 Qf3 40. Ka3 Qe3
41. Qd1 Kb7 42. Rd7+ Ka8 43. Rxf7 Qxc5+ 44. Kb2 Rb7 45. Rf6 Ka7 46. Rxe6 Qb4
47. Qc2 Rd7 48. Qxc6 Qd2+ 49. Qc2 Qb4 1-0

[Event "North American Open"]
[Site "Las Vegas, NV"]
[Date "2013.12.30"]
[Round "9.11"]
[White "Mulyar, Michael"]
[Black "Sapozhnikov, Roman"]
[Result "1/2-1/2"]
[WhiteElo "2423"]
[BlackElo "2293"]
[PlyCount "43"]
[EventDate "2013.12.??"]
[EventType "swiss"]
[EventRounds "9"]
[EventCountry "USA"]
[Source "MonRoi"]

1. d4 Nf6 2. Nf3 e6 3. c4 Bb4+ 4. Bd2 Qe7 5. g3 Nc6 6. Bg2 Bxd2+ 7. Nbxd2 O-O
8. O-O d6 9. e4 e5 10. d5 Nb8 11. Ne1 a5 12. Nd3 Na6 13. f4 Ng4 14. Qe2 f6 15.
f5 Nh6 16. g4 Nb4 17. Nxb4 axb4 18. h3 c5 19. Qd3 Qc7 20. a4 bxa3 21. Rxa3 Bd7
22. Rfa1 1/2-1/2